000 00602nam a22001697a 4500
005 20251108170818.0
008 250721s1996 xx 000 0 ara d
082 1 4 _a343.1/مصط
100 1 _aهرجه، مصطفى مجدي
245 1 0 _aغرفة المشورة :
_bماهيتها و إختصاصها في صد الحبس الإحتياطي أو.... /
264 1 _aالقاهره :
_bدار الكتب القانونية،
_c1996.
300 _a100ص
650 1 7 _aالقانون الجنائي
650 1 7 _aقانون الإجراءات الجنائية
942 _2ddc
_cBK
999 _c49581
_d49581